Most Games Against Messi - Statistics

General Stats
  • This quiz has been taken 768 times
  • The average score is 6 of 10
Answer Stats
Position Current Club Answer % Correct
CB Real Madrid Sergio Ramos
98%
ST Juventus Cristiano Ronaldo
96%
ST Real Madrid Karim Benzema
90%
LB Real Madrid Marcelo
89%
CB Atletico Madrid Diego Godin
75%
RB Sevilla Jesus Navas
49%
RB Atletico Madrid Juanfran
48%
CDM Al Sadd Sports Club Gabi
11%
RW Sevilla Markel Susaeta
1%
CM Retired Xabi Alsonso
1%
No matching quizzes found
Score Distribution
Percent of People with Each Score
Percentile by Number Answered
Your Score History
You have not taken this quiz